Science Quiz

Random Science or Geology Quiz
Score 0/40 Timer 03:00
8 Plays Today
% Correct
Planet
94.1%
Planet
94.1%
Planet
94%
Planet
93.7%
Planet
93.6%
Human Bone
93%
Geologic Period
92.9%
Element
92.6%
Simple Machine
92.3%
Simple Machine
92.1%
Simple Machine
91.8%
Geologic Period
91.7%
Human Bone
91.3%
Element
90.9%
Simple Machine
90.6%
Taxonomic Rank
89.7%
Cell Organelle
89.7%
Cell Organelle
89.5%
Simple Machine
89.2%
Taxonomic Rank
89.2%
% Correct
Taxonomic Rank
88.6%
Mineral
88.1%
Element
87.5%
Cell Organelle
87.2%
Mineral
86.9%
Geologic Period
86.7%
Element
86.3%
Element
86.2%
Taxonomic Rank
85.5%
Cell Organelle
84.8%
Human Bone
83.8%
Mineral
83%
Mineral
81.5%
Geologic Period
79.9%
Human Bone
78.9%
Mineral
74.9%
Taxonomic Rank
72.4%
Geologic Period
70.6%
Cell Organelle
67.6%
Human Bone
53.7%

You're not logged in!

Compare scores with friends on all Sporcle quizzes.
OR
Log In

Sporcle TV

Today on Sporcle TV


Watch our educational content, quiz creation guides, and fun videos on Sporcle TV.

Show Comments

Extras

Top Quizzes Today


Score Distribution

Your Account Isn't Verified!

In order to create a playlist on Sporcle, you need to verify the email address you used during registration. Go to your Sporcle Settings to finish the process.

Report this User

Report this user for behavior that violates our Community Guidelines.

Details: